Gares sur la ligne de Metz à Luxembourg - Statistiques

Statistiques générales
  • Ce quiz a été pris 94 fois
  • Le résultat moyen est 8 sur 13
Statistiques - réponses
Département Gare % Correct
(57) Thionville
91%
(57) Hagondange
78%
Luxembourg Bettembourg
75%
(57) Woippy
74%
(57) Metz-Nord
70%
(57) Uckange
70%
Moselle (57) Metz-Ville
69%
Luxembourg Luxembourg-Ville
68%
(57) Maizières-lès-Metz
60%
Moselle (57) Hettange-Grande
57%
(Lux) Howald
45%
(57) Walygator Parc
29%
(Lux) Berchem
18%
Aucun quiz correspondant
Distribution des résultats
% des personnes avec chaque résultat
Percentile par nombre de réponses
Votre historique - résultats
Vous n’avez pas pris ce quiz